Sports Quiz

Random Sports or NCAA Quiz

Consistent March Madness chokers 2000-2014 Quiz Stats

 Plays Quiz not verified by Sporcle

Also try: NBA Finals Coaches
Challenge
Share
Tweet
Embed
Score 0/40 Timer 06:00
0 Plays Today
Worst Loss Team % Correct
Lehigh (#15, 2012)Duke
95.4%
Bucknell (#14, 2005)Kansas
94.5%
George Mason (#11, 2006)North Carolina
88.5%
Florida Gulf Coast (#15, 2013)Georgetown
86.6%
Alabama-Birmingham (#9, 2004)Kentucky
86.2%
Ohio (#13, 2012)Michigan
83.6%
Temple (#11, 2001)Florida
82%
Vermont (#13, 2005)Syracuse
81.1%
George Mason (#11, 2006)Michigan State
78.7%
George Mason (#11, 2006)Connecticut
78.3%
Morehead State (#13, 2010)Louisville
76.5%
Kent State (#13, 2001)Indiana
76.5%
Indiana State (#13, 2001)Oklahoma
75.1%
Cornell (#12, 2010)Wisconsin
74.2%
Temple (#11, 2001)Texas
72.8%
Saint Mary's (#10, 2010)Villanova
72.8%
Norfolk State (#15, 2012)Missouri
72.1%
Missouri (#12, 2002)Ohio State
71%
Nevada (#10, 2004)Gonzaga
66.4%
Bradley (#13, 2006)Pittsburgh
64.1%
Worst Loss Team % Correct
Hampton (#15, 2001)Iowa State
64.1%
La Salle (#13, 2013)Kansas State
62.7%
UNC-Wilmington (#13, 2002)Southern California
62.2%
UCLA (#8, 2002)Cincinnati
58.1%
Alabama (#8, 2004)Stanford
56.7%
Harvard (#14, 2013)New Mexico
56.6%
Cleveland State (#13, 2009)Wake Forest
54.8%
Murray State (#13, 2010)/Siena (#13, 2008)Vanderbilt
54.4%
Kent State (#10, 2002)Alabama
54.4%
Florida State (#10, 2011)Notre Dame
53.9%
California (#12, 2013)UNLV
50%
Seton Hall (#10, 2000)Temple
47%
Oregon (#12, 2013)Oklahoma State
47%
Florida Gulf Coast (#15, 2013)San Diego State
45.1%
Tulsa (#12, 2002)Marquette
42.9%
VCU (#12, 2012)Wichita State
40.2%
UW-Milwaukee (#12, 2005)Boston College
36.4%
Villanova (#12, 2008)Clemson
34.1%
Gonzaga (#10, 2000)St. John's
32.3%
Butler (#12, 2003)Mississippi State
30.9%

You're not logged in!

Compare scores with friends on all Sporcle quizzes.
Join for Free
OR
Log In

You Might Also Like...

Show Comments

Extras

Top Quizzes Today


Score Distribution

Your Account Isn't Verified!

In order to create a playlist on Sporcle, you need to verify the email address you used during registration. Go to your Sporcle Settings to finish the process.

Report this User

Report this user for behavior that violates our Community Guidelines.

Details: